| 000 | 01171nam a2200313 a 4500 | ||
|---|---|---|---|
| 003 | CHAP | ||
| 005 | 20230612114412.0 | ||
| 007 | ta | ||
| 008 | 230608s1994 mx abd|fr|||| 001 0 spa d | ||
| 040 |
_amxchpua _cCHAP _erda |
||
| 050 | 1 | 0 |
_aHD9014.M62 _b.M63 1994 |
| 082 | 0 | 0 |
_a338.763972 _bM63 1994 _220 |
| 245 | 1 | 0 |
_aModalidades de asociación e integración en la agroindustria mexicana / _cFrancisco Javier Ramírez Díaz...[y otros] |
| 250 | _a1a edición | ||
| 264 |
_aChapingo, México : _bUACh. CIESTAAM, _c1994 |
||
| 300 |
_axii, 176 páginas : _bilustraciones, diagramas, gráficas, mapas, tablas |
||
| 336 |
_2rdacontent _atexto _btxt |
||
| 337 |
_2rdamedia _asin medio _bn |
||
| 338 |
_2rdacarrier _avolumen _bnc |
||
| 504 | _aIncluye bibliografías | ||
| 650 | 1 | 3 |
_9137236 _aIndustria agrícola _zMéxico |
| 650 | 1 | 3 |
_9148659 _aIndustria de los alimentos _zMéxico |
| 650 | 1 | 3 |
_991896 _aProductos agrícolas _zMéxico |
| 650 | 1 | 3 |
_9147917 _aAgricultural industry _zMexico |
| 650 | 1 | 3 |
_9148657 _aFood industry _zMexico |
| 650 | 1 | 3 |
_9149769 _aAgricultural products _zMexico |
| 700 | 1 |
_993968 _aRamírez Díaz, Francisco Javier _eautor |
|
| 942 |
_2ddc _cLibro |
||
| 999 |
_c218931 _d218931 |
||